01312nab a22002297a 4500003000400000005001700004008004100021040000700062100002300069245011400092260007300206300001300279500007100292505037200363505008900735650002900824650002500853650001800878650002500896650002900921773013200950OSt20251226212222.0190603e xxum|||| |||| 00| 0 spa d cPJ aLinovich, Jonathan10aJurisprudencia destacada en "Contratación electrónica: desafíos y oportunidades" /cJonathan Linovich.  cCiudad Autónoma de Buenos Aires :aThomson Reuters La Ley, b2025. ap. 60-62 aCita: TR LALEY AR/DOC/1045/2025 Publicado en: RCCyC 2025 (junio). aSumario: I. Firma en los escritos judiciales — II. Préstamo personal bancario celebrado por medios electrónicos.— III. Archivo de audio. Título ejecutivo inválido. — IV. Firma digital. — V. Juicio ejecutivo. Acuerdo transaccional celebrado por medios electrónicos.— VI. Competencia. Cheques electrónicos rechazados.— VII. Firma electrónica.  t¿Te interesa el texto completo? Solicitalo al correo: koha@justierradelfuego.gov.ar 0aCODIGO CIVIL Y COMERCIAL 0aCOMERCIO ELECTRONICO 0aFIRMA DIGITAL 0aTÍTULOS EJECUTIVOS 0aJURISPRUDENCIA APLICABLE0 02713dCiudad Autónoma de Buenos Aires : Thomson Reuters La Ley, 2015-tRevista Código Civil y Comercial. Nº 3 - Junio 2025